Democracies of the World - Statistics

General Stats
  • This quiz has been taken 126 times
    93 since last reset
  • The average score is 52 of 70
Answer Stats
Answer % Correct
Canada
98%
United States
98%
Norway
91%
Portugal
91%
Sweden
91%
United Kingdom
91%
Austria
88%
Brazil
88%
France
88%
Germany
88%
Italy
88%
Poland
88%
Spain
88%
Argentina
86%
Chile
86%
Denmark
86%
Finland
86%
Greece
86%
Ireland
86%
Bulgaria
84%
Colombia
84%
Slovakia
84%
Uruguay
84%
Belgium
81%
Iceland
81%
Japan
81%
Latvia
81%
Lithuania
81%
Netherlands
81%
Panama
81%
Switzerland
81%
Croatia
79%
Czech Republic
79%
Dominican Republic
79%
Estonia
79%
Slovenia
79%
Albania
77%
Andorra
77%
Costa Rica
77%
Guyana
77%
India
77%
Luxembourg
77%
Serbia
77%
South Korea
77%
Suriname
77%
Australia
74%
Indonesia
74%
Jamaica
74%
New Zealand
74%
South Africa
74%
Romania
72%
Thailand
72%
Malta
70%
Israel
65%
Singapore
65%
Moldova
63%
Malaysia
60%
North Macedonia
60%
Taiwan
60%
Philippines
58%
Trinidad & Tobago
58%
Botswana
44%
Ghana
44%
Mauritius
42%
Namibia
42%
Sri Lanka
37%
Mongolia
35%
East Timor
33%
Cabo Verde
30%
Lesotho
21%
No matching quizzes found
Score Distribution
Percent of People with Each Score
Percentile by Number Answered
Your Score History
You have not taken this quiz since the last reset